| 000 | 03298cam a22005894i 4500 | ||
|---|---|---|---|
| 003 | PE-LiUPU | ||
| 005 | 20250731180116.0 | ||
| 008 | 180712s2011 sp a rb 001 0 spa d | ||
| 020 | _a9788420011707 | ||
| 035 | _a(Sirsi) a249228 | ||
| 040 |
_aPE-LiUPU _bspa _cPE-LiUPU _erda |
||
| 041 | 1 |
_aspa _heng |
|
| 049 | _aPRUA | ||
| 082 | 0 | 4 |
_a576.163 _bI61 _220 |
| 110 | 2 | _aInternational Commission on Microbiological Specifications for Foods (ICMSF) | |
| 245 | 0 | 0 |
_aMicroorganismos de los alimentos 8 : _buso de datos para evaluar el control del proceso y la aceptación del producto / _cInternational Commission on Microbiological Specifications for Foods (ICMSF). |
| 264 | 1 |
_aZaragoza : _bAcribia, _c2011. |
|
| 300 |
_axxiv, 473 páginas : _bilustraciones ; _c24 centímetros |
||
| 336 |
_atext _2rdacontent |
||
| 337 |
_aunmediated _2rdamedia |
||
| 338 |
_avolume _2rdacarrier |
||
| 504 | _aBibliografía al final de cada capítulo. | ||
| 504 | _aÍndice : páginas 459-473. | ||
| 505 | 0 | _aFundamentos del manejo de datos en el control microbiológico -- Utilidad de las pruebas microbianas para la seguridad y calidad -- Validación de las medidas de control -- Verificación del control del procesado -- Verificación del control del entorno -- Acciones correctas para restablecer el control -- Pruebas microbiológicas en las relaciones entre proveedor y cliente -- Aplicaciones de los principios a las categorías de productos -- Aplicaciones y utilización de criterios y otras pruebas -- Carne y productos cárnicos -- Carne de aves y productos derivados -- Pescado y productos pesqueros -- Piensos y alimentos para animales de compañia -- Hortalizas y derivados -- Frutas y derivados -- Especias, sopas deshidratadas y condimentos asiáticos -- Cereales y derivados -- Frutos en nuez, semillas oleaginosas, legumbres secas y café -- Cacao, chocolate y confituras -- Aliementos a base de aceites y grasas -- Azúcar, jarabes y miel -- Bebidas no alcohólicas -- Agua -- Huevos y ovoproductos -- Leche y productos lácteos -- Alimentos estabilizados mediante tratamiento térmico -- Alimentos deshidratados para bebés y niños -- Alimentos combiandos. | |
| 526 | _aSEG44 | ||
| 526 | _aSEG26 | ||
| 526 | _aP159 | ||
| 526 | _aP155 | ||
| 526 | _aP154 | ||
| 526 | _aP153 | ||
| 526 | _aP150 | ||
| 526 | _aP100 | ||
| 526 | _aP31 | ||
| 526 | _aP30 | ||
| 526 | _aP26 | ||
| 526 | _aP25 | ||
| 526 | _aP24 | ||
| 526 | _aP22 | ||
| 526 | _aP15 | ||
| 526 | _aP10 | ||
| 534 |
_pTítulo original : _tMicroorganisms in foods 8. Use of data for asseing process control and product acceptance. |
||
| 541 | _g002-00000192; | ||
| 650 | 0 | 4 |
_aAlimentos _x Microbiología. |
| 650 | 0 | 4 | _aMicrobiología alimentaria. |
| 710 | 2 | _aInternational Commission on Microbiological Specifications for Foods. | |
| 910 |
_adbm _bncf _cncf _d20180712 |
||
| 942 |
_2ddc _cBOOK |
||
| 994 |
_aC0 _bPEPRU |
||
| 598 | _aCATALOGING | ||
| 596 | _a1 | ||
| 999 |
_a576.163 I61 _wLC _c28809 _i78993 _d28809 _e2019-8-5 _f2021-11-9 _g4 _lCCODEBUL1 _mBUL _n8 _p79.28 _q2 _r0 _sY _tBOOK _u2018-7-12 _xINGENIERIA _PP26 _0COMPRA _1FCOMPRA _o.STAFF. Colección Ingeniería y Arquitectura |
||
| 980 |
_81 _gALBERTO SANCHEZ Responsable de Automatización |
||